00479nam a2200193 a 4500001001300000003000900013005001700022008004100039020001000080082001400090100002000104245003400124260002900158300000800187500003500195505001000230650002500240700002000265nice12345678IN_TiNIC20260116011631.0050524s1959 lona grp 000 0 eng  ac10000a291bDEV1 aDevanandan, P D aGospel and Renascent Hinduism aLondonbScm Press c1959 a62p aincludes index and biblioraphy2 aIndex aComparative Religion1 aDevanandan, P D